Účtovná závierka 1995

Enregistré dans:
Détails bibliographiques
Auteur principal: Ivaničová, Helena
Autres auteurs: Šlosárová, Anna
Format: Livre
Langue:slovaque
Publié: Bratislava SÚVAHA 1995
Édition:1. vyd.
Sujets:
Tags: Ajouter un tag
Pas de tags, Soyez le premier à ajouter un tag!

MARC

LEADER 00000nam a2200000 4500
001 c012002
005 20221128074212.8
020 |a 80-88727-11-1 
041 0 |a slo 
044 |a SK 
245 1 0 |a Účtovná závierka 1995  |c Helena Ivaničová, Anna Šlosárová 
250 |a 1. vyd. 
264 1 |a Bratislava  |b SÚVAHA  |c 1995 
300 |a 52 s. 
610 2 0 |a závierka účtovná konsolidovaná 
610 2 0 |a účtovníctvo 
610 2 0 |a dane 
610 2 0 |a metodika 
610 2 0 |a predpisy právne 
100 1 |a Ivaničová, Helena 
700 1 |a Šlosárová, Anna